[Event "Maraba op 3rd"]
[Site "Maraba"]
[Date "2016.04.21"]
[Round "2"]
[White "Holanda, Daniel Victor Olive"]
[Black "Lima Jr, Newton Celio Goncal"]
[Result "0-1"]
[WhiteElo "1800"]
[BlackElo "1823"]
[PlyCount "64"]
[EventDate "2016.04.21"]
[EventType "swiss"]
[EventRounds "7"]
[EventCountry "BRA"]
[SourceTitle "CBM 172 Extra"]
[Source "ChessBase"]
[SourceDate "2016.06.21"]
[SourceVersion "1"]
[SourceVersionDate "2016.06.21"]
[SourceQuality "1"]

1. e4 c5 2. Nf3 d6 3. d4 cxd4 4. Nxd4 Nf6 5. Nc3 a6 6. h3 e6 7. Bg5 Be7 8. Bd3 Qc7 9. Qd2 b5 10. a3 Bb7 11. f4 Nbd7 12. 0-0-0 Rc8 13. Na2 Nxe4 14. Bxe4 Bxe4 15. Bxe7 Kxe7 16. Rhe1 d5 17. f5 e5 18. Qg5+ Nf6 19. Nb4 Kf8 20. Ndc6 a5 21. Nxa5 Qxa5 22. Qd2 Qc7 23. c3 d4 24. Na2 h6 25. g4 Qc4 26. Rxe4 Nxe4 27. Qe1 d3 28. Nb4 d2+ 29. Rxd2 Nxd2 30. Qxd2 Qf4 31. Qxf4 exf4 32. Nd3 f3 0-1